| 000 | 00816nam a22001935i 4500 | ||
|---|---|---|---|
| 001 | 153534 | ||
| 003 | ES-MaACL | ||
| 005 | 20230906205254.0 | ||
| 008 | 040720s1884 fr |||| | spa d | ||
| 040 |
_aCAM _bspa _cCAM |
||
| 080 | _a339.727.2(728.3) | ||
| 245 | 0 | 0 |
_aDocumentos oficiales sobre los empréstitos de Honduras / _cpublicados por Victor Herran. |
| 260 |
_aParis : _b[s.n.], _c1884 ( _fImprenta V. Goupy y Jourdan) |
||
| 300 |
_a112 p. ; _c21 cm. |
||
| 650 | 4 |
_aPréstamos internacionales- _zHonduras. _9145021 |
|
| 700 | 1 |
_aHerrán, Víctor. _9145022 |
|
| 852 |
_aES-MaACL _jT-361-F-4 _z-- Enc. hol. _q-- Falto de la cub. original _z-- Enc. en un vol. facticio |
||
| 856 |
_uhttp://bibliotecadigitalhispanica.bne.es:80/webclient/DeliveryManager?pid=2137966&custom_att_2=simple_viewer _zIr a la página |
||
| 999 |
_c153534 _d153534 |
||